Hollyoaks - Statistics

General Stats
  • This quiz has been taken 467 times
  • The average score is 6 of 15
Answer Stats
Hint Answer % Correct
Drug Addiction Ste Hay
81%
Bipolar Cindy Cunningham
67%
Rape John Paul McQueen
58%
Transgender G-B Jasmine Costello - Jason Costello
54%
Body Dysmorphia Jason Roscoe
51%
Serial Killer Silas Blissett
47%
Prostitution Sinead O'Connor
47%
Cancer Tony Hutchinson
46%
Bullying Esther Bloom
44%
Transgender B-G Tyson Delaney - Blessing Chambers
30%
Schizophrenia Newt Osborne
16%
HIV Malachy Fisher
15%
Domestic Abuse Patrick Blake Maxine Minniver
13%
Alcoholism Martha Kane
8%
Incest Rhys Ashworth Beth Clement
3%
No matching quizzes found
Score Distribution
Percent of People with Each Score
Percentile by Number Answered
Your Score History
You have not taken this quiz